ARRUPE JESUIT UNIVERSITY

CORONAVIRUS -STOP THE SPREAD - CLEAN,DISINFECT,COVER

Masotsha Ndlovu / (Record no. 125390)

MARC details
000 -LEADER
fixed length control field 00831cam a2200277 a 4500
001 - CONTROL NUMBER
control field 1211854
003 - CONTROL NUMBER IDENTIFIER
control field ARRUPE
005 - DATE AND TIME OF LATEST TRANSACTION
control field 20160928103837.0
008 - FIXED-LENGTH DATA ELEMENTS--GENERAL INFORMATION
fixed length control field 990211s1998 rh a 001 0beng
010 ## - LIBRARY OF CONGRESS CONTROL NUMBER
LC control number 98982705
020 ## - INTERNATIONAL STANDARD BOOK NUMBER
International Standard Book Number 1779031467
040 ## - CATALOGING SOURCE
Original cataloging agency DLC
Transcribing agency DLC
Modifying agency DLC
042 ## - AUTHENTICATION CODE
Authentication code lcode
043 ## - GEOGRAPHIC AREA CODE
Geographic area code f-rh---
050 00 - LIBRARY OF CONGRESS CALL NUMBER
Classification number HD6871.Z55
Item number N356 1998
300 ## - PHYSICAL DESCRIPTION
Other physical details ill. ;
Dimensions 21 cm.
100 1# - MAIN ENTRY--PERSONAL NAME
Personal name Nyathi, Pathisa,
Dates associated with a name 1951-
9 (RLIN) 26321
245 10 - TITLE STATEMENT
Title Masotsha Ndlovu /
Statement of responsibility, etc by Pathisa Nyathi.
260 ## - PUBLICATION, DISTRIBUTION, ETC. (IMPRINT)
Place of publication, distribution, etc Harare :
Name of publisher, distributor, etc Longman
Date of publication, distribution, etc 1998.
300 ## - PHYSICAL DESCRIPTION
Extent v, 73 p. :
440 #0 - SERIES STATEMENT/ADDED ENTRY--TITLE
Title In search of freedom
9 (RLIN) 26322
500 ## - GENERAL NOTE
General note Includes index.
600 10 - SUBJECT ADDED ENTRY--PERSONAL NAME
Personal name Ndlovu, Masotsha,
9 (RLIN) 26323
906 ## - LOCAL DATA ELEMENT F, LDF (RLIN)
a 7
b cbc
c origode
d 2
e ncip
f 19
g y-gencatlg
942 ## - ADDED ENTRY ELEMENTS (KOHA)
Source of classification or shelving scheme Library of Congress Classification
Koha item type Monograph ( Printed materials)
Holdings
Withdrawn status Lost status Source of classification or shelving scheme Damaged status Not for loan Collection code Home library Current library Shelving location Date acquired Total Checkouts Full call number Barcode Date last seen Price effective from Koha item type
    Library of Congress Classification     Main Collection ARRUPE LIBRARY ARRUPE LIBRARY Main Collection 28/09/2016   HD6871.Z55 N356 1998 46500010730 08/05/2018 28/09/2016 Monograph ( Printed materials)

 

Arrupe Library. PO Box MP320 Mt Pleasant, Harare, Zimbabwe
263 242 745411|librarian@aju.ac.zw